Field guide to the orchids of Costa Rica and Panama / (Registro nro. 5428)

Detalles MARC
000 -CABECERA
Campo de control 00919cam a2200241 a 4500
005 - FECHA Y HORA DE LA ULTIMA TRANSACCION
Campo de control 20160802105259.0
008 - ELEMENTOS DE LONGITUD FIJA—INFORMACION GENERAL
Campo de control 930407s1993 nyuab b 001 0 eng
020 ## - ISBN
ISBN 0801481392
040 ## - FUENTE DE CATALOGACIÓN
Agencia catalogadora original DLC
Agencia transcriptora DLC
Agencia Modificadora DLC
-- CO-BoIAVH
041 0# - IDIOMA
Código de idioma para texto/pista de sonido o título separado Inglés
044 ## - PAÍS DE PUBLICACIÓN
País de publicación Estados Unidos
082 04 - NUMERO DE CLASIFICACION DECIMAL DEWEY
Número de clasificación 584.4012
Número del ítem D81f
100 1# - ASIENTO PRINCIPAL--NOMBRE PERSONAL
Nombre personal Dressler, Robert L.,
Fechas asociadas con el nombre 1927-
9 (RLIN) 73841
245 10 - MENCION DE TITULO
Título Field guide to the orchids of Costa Rica and Panama /
Mención de responsabilidad Robert L. Dressler.
260 ## - PUBLICACION, DISTRIBUCION, ETC. (PIE DE IMPRENTA)
Lugar de publicación, distribución, etc. Ithaca :
Nombre del editor, distribuidor, etc. Comstock Pub. Associates,
Fecha de publicación, distribución, etc. 1993.
300 ## - DESCRIPCION FISICA
Extensión ix, 374 páginas :
Otros detalles físicos ilustraciones (algunas a color), mapas ;
Dimensiones 24 x 16 cm.
504 ## - NOTA DE BIBLIOGRAFIA, ETC.
Nota de bibliografía Incluye referencias bibliográficas: páginas 14-15 e índice.
650 26 - ASIENTO SECUNDARIO DE MATERIA - TERMINO TEMATICO
Término temático o nombre geográfico como elemento de entrada Orchidaceae
Subdivisión geográfica Costa Rica
Subdivisión general Identificación
9 (RLIN) 73842
650 24 - ASIENTO SECUNDARIO DE MATERIA - TERMINO TEMATICO
Término temático o nombre geográfico como elemento de entrada Orquídeas
Subdivisión geográfica Costa Rica
Subdivisión general Identificación
9 (RLIN) 73843
650 26 - ASIENTO SECUNDARIO DE MATERIA - TERMINO TEMATICO
Término temático o nombre geográfico como elemento de entrada Orchidaceae
Subdivisión geográfica Panamá
Subdivisión general Identificación
9 (RLIN) 73844
650 26 - ASIENTO SECUNDARIO DE MATERIA - TERMINO TEMATICO
Término temático o nombre geográfico como elemento de entrada Orquídeas
Subdivisión geográfica Panamá
Subdivisión general Identificación
9 (RLIN) 73845
942 ## - ELEMENTOS ADICIONALES (KOHA)
Sistema de clasificación Dewey Decimal Classification
Tipo de ítem Libro
Existencias
Withdrawn status Lost status Sistema de Clasificación Damaged status No para préstamo Colección Inventariado Ubicación Permanente Ubicación actual Fecha de adquisición Fuente de Valor Valor Total Checkouts Número topográfico Inventario / Código de Barras Date last seen Ejemplar Price effective from Forma de adquisición Tipo de material
    Dewey Decimal Classification     General Inventariado 2017 Sala Fabio Quevedo Sala Fabio Quevedo 07/12/2006 Instituto 39000.00   LB-584.4012 D81f 023862 04/12/2012 Ej.1 04/12/2012 Donación Libro